| 000 | 00575nam a22001817a 4500 | ||
|---|---|---|---|
| 005 | 20250109162703.0 | ||
| 010 | _aENG-143300 | ||
| 020 |
_a9789389136906 _c495.00 |
||
| 035 | _aEN-126832 | ||
| 037 | _bDBAD | ||
| 082 | _aS | ||
| 100 |
_aSiddiqi, Shams Afif _976282 |
||
| 245 |
_aContemporary Urdu Short Stories from Kolkata/ _cby Shams Afif Siddiqi [and] Fuzail Asar Siddiqi |
||
| 260 |
_aNew Delhi _bNiyogi Books _c2023 |
||
| 270 |
_aBlock D, Building No. 77, Okhla Industrial Area, Phase-I _bNew Delhi _e110020 |
||
| 300 |
_a289p. _c19cm(pb) |
||
| 942 |
_2ddc _cEN _mCON _hS |
||
| 999 |
_c208318 _d208318 |
||